Statistics for German Groups of Things

Click here to take the quiz!

General Stats

  • This quiz has been taken 33,007 times
    (13,692 since last reset)
  • The average score is 26 of 37

Answer Stats

GroupAnswer% Correct
Largest cities (city proper)Berlin
97%
Countries which border GermanyAustria
96%
Countries which border GermanyFrance
96%
Countries which border GermanyPoland
96%
Countries which border GermanyBelgium
94%
Countries which border GermanyNetherlands
94%
Countries which border GermanyDenmark
93%
Largest cities (city proper)Munich
93%
Countries which border GermanySwitzerland
93%
Countries which border GermanyLuxembourg
92%
Countries which border GermanyCzech Republic
91%
Last 4 chancellorsAngela Merkel
90%
Largest cities (city proper)Hamburg
88%
Longest riversRhine
88%
Largest cities (city proper)Frankfurt
86%
Largest car companiesVolkswagen
86%
Largest car companiesBMW
80%
Longest riversDanube
78%
Largest cities (city proper)Cologne
74%
Largest car companiesDaimler
74%
"Pure" beer ingredientsWater
65%
Largest cities (city proper)Düsseldorf
64%
"Pure" beer ingredientsBarley
62%
Top men's FIFA World Cup
goalscorers
Gerd Müller
62%
Most common last namesMüller
62%
"Pure" beer ingredientsHops
61%
Largest cities (city proper)Stuttgart
58%
Longest riversElbe
54%
Last 4 chancellorsOlaf Scholz
52%
Most common last namesSchmidt
47%
Last 4 chancellorsHelmut Kohl
39%
Top men's FIFA
World Cup goalscorers
Miroslav Klose
39%
Last 4 chancellorsGerhard Schröder
33%
Longest riversOder
30%
Top men's FIFA World Cup
goalscorers
Jürgen Klinsmann
18%
Most common last namesSchneider
16%
Most common last namesFischer
13%

Score Distribution

Percentile by Number Answered

Percent of People with Each Score

Your Score History

You have not taken this quiz since the last reset